Statystyki dla Zgadnij Flagę

Kliknij tutaj aby rozwiązać quiz!

Ogólne statystyki

  • Ten quiz został rozwiązany 118 razy
  • Średni wynik to 16 z 36

Statystyki odpowiedzi

Odpowiedź% Poprawnych
Wielka Brytania
99%
Polska
98%
Belgia
93%
Kanada
85%
Norwegia
69%
Stany Zjednoczone
68%
Rosja
62%
Niemcy
56%
Dominikana
54%
Hiszpania
54%
Urugwaj
54%
Malezja
53%
Mołdawia
52%
Turkmenistan
49%
Bangladesz
48%
Bułgaria
45%
Holandia
44%
Jamajka
42%
Australia
41%
Mongolia
40%
Kambodża
36%
Nepal
34%
Armenia
32%
Nikaragua
31%
Burundi
29%
Gambia
28%
Jemen
27%
Rwanda
27%
Tanzania
27%
Togo
26%
Boliwia
24%
Vanuatu
24%
Malawi
20%
Saint Lucia
20%
Tuvalu
15%
Estwatini
4%

Rozkład punktacji

Percentyl według liczby udzielonych odpowiedzi

Procent ludzi z każdym wynikiem

Twoja historia wyników

Nie rozwiązałeś tego quizu